000 00399nam a2200169Ia 4500
003 OSt
005 20240315101756.0
008 170619s9999 xx 000 0 und d
020 _a9788178085340
040 _cIIMT ENGINEERING COLLEGE
100 _aSaravana Mittoo- HIH
245 0 _aGas Turbine Theory
260 _bPearson Education
260 _c2001
546 _aENGLISH
942 _2ddc
_c01
999 _c16905
_d16905